| 000 | 00625nam a2200205 a 4500 | ||
|---|---|---|---|
| 005 | 20221118063919.0 | ||
| 008 | 991125s1988 mx 000 0 spa u | ||
| 020 | _a9682106486 | ||
| 035 | _aUPN01000031376 | ||
| 049 | _aCG | ||
| 050 | 4 |
_aGV709.2 _bB5.5 |
|
| 100 | 1 | _aBlázquez Sánchez, Domingo | |
| 245 | 1 | 0 |
_aIniciación a los deportes de equipo : _bdel juego al deporte de los 6 a los 10 años / _cDomingo Blázquez Sánchez. |
| 260 |
_aMéxico : _bRoca, _c1988. |
||
| 300 | _a235 p. | ||
| 440 | 0 |
_aDeportes. _pTécnica |
|
| 650 | 4 |
_aEDUCACION FISICA PARA NIÑOS _916252 |
|
| 650 | 2 |
_aDeportes _912162 |
|
| 905 | _aLibro | ||
| 999 |
_c31376 _d31376 |
||